Mezinárodněprávní subjektivita Společenství a EU

Obsahové vymedzenie pojmu medzinárodnoprávna subjektivita. Konštitutívny a deklaratórny aspekt medzinárodnej subjektivity. Pojem a druhy uznania. Forma a význam uznania. Medzinárodná subjektivita Európskej únie. Obsah medzinárodnoprávnej subjektivity EÚ.

Salvato in:
Dettagli Bibliografici
Autore principale: Svoboda, Pavel
Natura: Capitolo di libro
Lingua:ceco
Soggetti:
Tags: Aggiungi Tag
Nessun Tag, puoi essere il primo ad aggiungerne!!

MARC

LEADER 00000naa$a2200000$$$4500
001 0005692
005 20231016091247.0
041 0 |a cze 
044 |a CZ 
245 1 0 |a Mezinárodněprávní subjektivita Společenství a EU  |c aut. Pavel Svoboda 
520 |a Obsahové vymedzenie pojmu medzinárodnoprávna subjektivita. Konštitutívny a deklaratórny aspekt medzinárodnej subjektivity. Pojem a druhy uznania. Forma a význam uznania. Medzinárodná subjektivita Európskej únie. Obsah medzinárodnoprávnej subjektivity EÚ. 
610 2 0 |a subjektivita právna 
610 2 0 |a Európska únia 
610 2 0 |a Európske spoločenstvá 
610 2 0 |a pojmy 
610 2 0 |a zmluvy medzinárodné 
610 2 0 |a právo medzinárodné 
610 2 0 |a organizácie medzinárodné 
100 1 |a Svoboda, Pavel